Biochemický a imunologický screening chronického jaterního poškození a jeho vztah k patologicko-anatomickým nálezům, získaným biopsií

Bibliographic Details
Main Authors: Fassati, P. (Author), Fassati, M. (Author), Hořejší, J. (Author), Ježková, Z. (Author)
Format: Article
Language:Slovak
Czech
PhysicalDescription:Tb. 1. Res. rus., angl., nem.
Subjects:

MARC

LEADER 00000nab a2200000 a 4500
001 vtls000040519
003 SK-MaSNL
005 20260304065612.0
008 250422c1979 xo 0 slo
015 |a SNBRB19rr/mm-uuuuu 
035 |a CL0050614 
035 |a urn:nbn:sk:snk-abcyrz 
035 |a (urnnbn)urn:nbn:sk:snk:ar-007ipg 
035 |a (uuid)fa780f58-1f8a-4266-88e2-e89f7364fd6e 
040 |a SNKBUCL  |b slo  |c SNKBUCL  |e AACR2 
041 0 |a cze 
044 |a xo  |c SK 
080 |a 616.3  |2 1981 
080 |a 577  |2 1981 
245 0 0 |a Biochemický a imunologický screening chronického jaterního poškození a jeho vztah k patologicko-anatomickým nálezům, získaným biopsií  |c P. Fassati ... [et al.] 
300 |b Tb. 1. Res. rus., angl., nem. 
650 0 7 |a pečeň  |2 snkbucl  |9 16488 
650 0 7 |a chronické poškodenie pečene  |2 snkbucl  |9 1354816 
650 0 7 |a skríning (medicína)  |2 snkbucl  |9 155145 
655 7 |a články z novín a časopisov  |2 snkbucl  |9 267496 
700 1 |a Fassati, P.  |4 aut  |9 1350506 
700 1 |a Fassati, M.  |4 aut  |9 1350507 
700 1 |a Hořejší, J.  |4 aut  |9 270561 
700 1 |a Ježková, Z.  |4 aut  |9 1126519 
773 0 |t Biochemia clinica bohemoslovaca  |g Roč. 8, č. 2 (1979), s. 93-101 
850 |a Slovenská národná knižnica 
852 |a Slovenská národná knižnica 
954 |a odborná, vedecká literatúra cudzojazyčná (svetová)  |2 lita 
958 |a article17 
958 |a OND 
958 |a RK 
958 |a CZ 
958 |a EUIPO 
992 |a RBX 
999 |c 2751621  |d 2753551